000
00258nam a22001217a 4500
008
180123b xxu||||| |||| 00| 0 eng d
041
_a
eng
080
_a
37
100
_a
47
101
_a
edu
245
_a
NURTURED KNOWLEDGE
_c
SMITH.S..E
942
_2
udc
_c
BK
999
_c
40774
_d
40774